Gemeinden des Zürcher Oberlands - Statistiken

Allgemein
  • Dieses Quiz wurde 12 mal gespielt
  • Das Durchschnittsergebnis liegt bei 18 aus 31
Antwortstatistiken
Bezirk Gemeinde % Korrekt
Hinwil Hinwil
100%
Uster Maur
100%
Pfäffikon Pfäffikon
100%
Uster Uster
100%
Hinwil Wetzikon
100%
Uster Fällanden
75%
Uster Greifensee
75%
Hinwil Rüti
75%
Uster Schwerzenbach
75%
Hinwil Seegräben
75%
Hinwil Bäretswil
50%
Pfäffikon Bauma
50%
Hinwil Bubikon
50%
Uster Dübendorf
50%
Hinwil Dürnten
50%
Hinwil Fischenthal
50%
Hinwil Gossau
50%
Hinwil Grüningen
50%
Pfäffikon Hittnau
50%
Uster Mönchaltdorf
50%
Pfäffikon Russikon
50%
Uster Volketswil
50%
Hinwil Wald
50%
Uster Wangen-Brüttisellen
50%
Pfäffikon Wila
50%
Pfäffikon Wildberg
50%
Uster Egg
25%
Pfäffikon Fehraltdorf
25%
Pfäffikon Illnau-Effretikon
25%
Pfäffikon Lindau
25%
Pfäffikon Weisslingen
25%
Keine übereinstimmenden Quizze gefunden
Verteilung der Resultate
Anzahl Personen mit jedem Resultat
Perzentil nach korrekt beantworteten Fragen
Ihre Resultats-Entwicklung
Sie haben dieses Quiz noch nicht gespielt